01204nam a2200289Ia 4500001001100000003000800011006001900019007001500038008004100053020001700094040002100111035002000132050002200152100004100174245011400215246003900329260005400368300001100422533015200433600005500585610004100640650004900681655002900730710001700759856012500776999001300901ebr5003606CaPaEBRm u cr cn|||||||||020123s2001 cau s 000 0beng d z1589760123 : aCaPaEBRcCaPaEBR a(OCoLC)7076582214aF655b.C98 2001eb1 aCuster, Elizabeth Bacon,d1842-1933.10aBoots and saddlesh[electronic resource] :bor, Life in Dakota with General Custer /cby Elizabeth B. Custer.3 aLife in Dakota with General Custer aSanta Barbara, Calif. :bNarrative Press,cc2001. a284 p. aElectronic reproduction.bPalo Alto, Calif. :cebrary,d2013.nAvailable via World Wide Web.nAccess may be limited to ebrary affiliated libraries.10aCuster, George A.q(George Armstrong),d1839-1876.10aUnited States.bArmyxMilitary life. 0aFrontier and pioneer lifezDakota Territory. 7aElectronic books.2local2 aebrary, Inc.40uhttp://site.ebrary.com/lib/rucke/Doc?id=5003606zAn electronic book accessible through the World Wide Web; click to view c200d200